LEADER 01128nam a2200253 u 4500 001 000000061632 003 CaOOAMICUS 005 20070226121038.0 008 010911s1954 gw u000 u fre u 035 $a10902224 040 $aPUL(R)$bita 100 1 $aDillenschneider, Clément,$cC.SS.R.$0(OLS)http://pul/name/15185 245 10$aMarie au service de notre rédemption :$ble mérite médiateur de la nouvelle ève dans l'économie rédemptrice ... /$cClément Dillenschneider. 260 $aHagenau :$bMaison Saint-Gérard,$c1947. 300 $axiii, 431 p. ;$c23 cm 500 $aComprende indici. 504 $aBibliografia in nota. 600 04$aMaria Virgo,$cs.$xCorredenzione.$0(OLS)http://pul/subject/498 850 $aPUL 852 $aPUL$W1$xDP2 Religione 1$y63$m66 F 21$j80267$nBK-PRI$qStampati$B80267$CPULBib$Z2$F80267 $82 941 1 $a8 961 $aINV: 24134 996 $6245$aMarie au service de notre rédemption :$ble mérite médiateur de la nouvelle ève dans l'économie rédemptrice ...$9(OLS)http://pul/title/82285 996 $6260$aHagenau :$bMaison Saint-Gérard$9(OLS)http://pul/publisher/70113 LEADER 01044nam a2200241 u 4500 001 000000071453 003 CaOOAMICUS 005 20070226122131.0 008 020528m1842 it u000 u ita u 035 $a10931236 040 $aPUL(R)$bita 100 1 $aVannini, Marco.$0(OLS)http://pul/name/12861 245 10$aDella pubblica prosperità :$bsulle foreste e sulla pastorizia /$cdi Marco Vannini di Monte Acuto Ragazza. 260 $aBologna :$bTip. di San Tommaso d'Aquino,$c1842. 300 $a188 p. ;$c23 cm 504 $aBibliografia in nota. 650 4$aAgricoltura.$0(OLS)http://pul/subject/1575 650 4$aBotanica.$0(OLS)http://pul/subject/2695 850 $aPUL 852 $aPUL$W1$xDP1 Antico 800$y27$m775 B 32$j92412$nBK-PRI$b $qStampati Antico$B92412$CPULBib$Z2$F92412 $H $81 941 1 $a15 996 $6245$aDella pubblica prosperità :$bsulle foreste e sulla pastorizia$9(OLS)http://pul/title/94059 996 $6260$aBologna :$bTip. di San Tommaso d'Aquino$9(OLS)http://pul/publisher/73566